History of New Testament times: (Record no. 2485)

000 -LEADER
fixed length control field 00766nam a2200217 a 4500
001 - CONTROL NUMBER
control field :::00000210$&:&@@
003 - CONTROL NUMBER IDENTIFIER
control field OkBaRHE
005 - DATE AND TIME OF LATEST TRANSACTION
control field 20000607103236.0
008 - FIXED-LENGTH DATA ELEMENTS--GENERAL INFORMATION
fixed length control field s1949 j 000 0 eng u
040 ## - CATALOGING SOURCE
Transcribing agency
100 1# - MAIN ENTRY--PERSONAL NAME
Personal name Pfeiffer, Robert Henry, 1892-1958.
245 10 - TITLE STATEMENT
Title History of New Testament times:
Remainder of title with an introduction to the Apocrypha.
260 ## - PUBLICATION, DISTRIBUTION, ETC. (IMPRINT)
Place of publication, distribution, etc New York, NY., :
Name of publisher, distributor, etc Harper and Row
Date of publication, distribution, etc 1949
300 ## - PHYSICAL DESCRIPTION
Extent xii, 561 p. ;
Dimensions 24 cm.
650 ## - SUBJECT ADDED ENTRY--TOPICAL TERM
Topical term or geographic name as entry element Bible Old Testament Apocrypha
General subdivision Introductions
650 ## - SUBJECT ADDED ENTRY--TOPICAL TERM
Topical term or geographic name as entry element Hellenism
650 ## - SUBJECT ADDED ENTRY--TOPICAL TERM
Topical term or geographic name as entry element Jews
General subdivision History
-- 586 B.C.-70 A.D.
650 ## - SUBJECT ADDED ENTRY--TOPICAL TERM
Topical term or geographic name as entry element Judaism
General subdivision History
-- Post-exilic period, 586 B.C.-210 A.D.
942 ## - ADDED ENTRY ELEMENTS (KOHA)
Source of classification or shelving scheme
Koha item type Books
Copies
Withdrawn status Barcode Date last seen Shelving location Damaged status Price effective from Full call number Not for loan Permanent Location Source of classification or shelving scheme Lost status Copy number Koha item type Date acquired
 2102010-04-14General Stacks 2010-04-14BM 176 .P4 RHEMA Bible Training College  1Books2010-04-14